00467nam a2200157Ia 4500008004100000020001800041082001900059100002400078245007300102250000900175260004200184300002400226500001900250600002000269650002000289240925s9999 xx 000 0 und d a9780132730013 a331.890973 CAR aCarrell, Michael R. 0aLabor Relations and Collective Bargaining: private and public sector a10th aNew Delhi:bPearson Educationc,2013. a1116p.b0fOriginal aIncludes Index aSocial Sciences aSocial Sciences